Belgium: treasures of yesterday promise of to-morrow (Record no. 408381)

000 -LEADER
fixed length control field 00380cam a22001217a 4500
008 - FIXED-LENGTH DATA ELEMENTS--GENERAL INFORMATION
fixed length control field 180718b1962 xxu||||| |||| 00| 0 eng d
082 ## - DEWEY DECIMAL CLASSIFICATION NUMBER
Classification number B131x493 AN28
100 ## - MAIN ENTRY--PERSONAL NAME
Personal name Andrieu, Jean- Marie
245 ## - TITLE STATEMENT
Title Belgium: treasures of yesterday promise of to-morrow
Statement of responsibility, etc. by Jean-Marrie Anrieu
260 ## - PUBLICATION, DISTRIBUTION, ETC.
Place of publication, distribution, etc. Brussels
Name of publisher, distributor, etc. Lumiere Publishing
Date of publication, distribution, etc. 1962
300 ## - PHYSICAL DESCRIPTION
Extent 106p
650 ## - SUBJECT ADDED ENTRY--TOPICAL TERM
Topical term or geographic name entry element Community Life- belgium
Holdings
Withdrawn status Lost status Damaged status Not for loan Permanent Location Current Location Date acquired Full call number Barcode Date last seen Price effective from Koha item type
        Indian Institute of Public Administration Indian Institute of Public Administration 2008-12-19 B131x493 AN28 D433 2018-07-21 2018-07-21 D

Powered by Koha